28 Mars 2025 | Capitale aléatoire vers pays - Statistiques

Statistiques générales
  • Ce quiz a été pris 45 fois
    27 depuis la dernière actualisation
  • Le résultat moyen est 15 sur 20
Statistiques - réponses
Capitale Pays % Correct
Pretoria Afrique du Sud
100%
Alger Algérie
100%
Andorre la Vieille Andorre
100%
Luanda Angola
100%
Riyad Arabie Saoudite
100%
Buenos Aires Argentine
100%
Erevan Armenie
100%
Canberra Australie
100%
Vienne Autriche
100%
Manama Bahreïn
100%
Dacca Bangladesh
100%
Bruxelle Belgique
100%
Minsk Biélorussie
100%
La Paz / Sucre Bolivie
100%
Sarajevo Bosnie-Herzégovine
100%
Brasilia Brésil
100%
Bandar Seri Begawan Brunei
100%
Sofia Bulgarie
100%
Ouagadougou Burkina Faso
100%
Phnom Penh Cambodge
100%
Yaoundé Cameroun
100%
Santiago Chili
100%
Pékin Chine
100%
Pyongyang Corée du Nord
100%
Zagreb Croatie
100%
La Havane Cuba
100%
Roseau Dominique
100%
Le Caire Égypte
100%
Abou Dhabi Émirats arabes unis
100%
Quito Équateur
100%
Madrid Espagne
100%
Tallinn Estonie
100%
Washington D.C. États-Unis
100%
Helsinki Finlande
100%
Paris France
100%
Libreville Gabon
100%
Tbilisi Géorgie
100%
Athènes Grèce
100%
Guatemala Guatemala
100%
Bissau Guinée-bissau
100%
Port-au-Prince Haïti
100%
Tegucigalpa Honduras
100%
Budapest Hongrie
100%
New Delhi Inde
100%
Jakarta Indonésie
100%
Téhéran Iran
100%
Dublin Irlande
100%
Reykjavik Islande
100%
Jérusalem Israël
100%
Rome Italie
100%
Kingston Jamaïque
100%
Astana Kazakhstan
100%
Nairobi Kénya
100%
Pristina Kosovo
100%
Vientiane Laos
100%
Riga Lettonie
100%
Tripoli Libye
100%
Vilnius Lituanie
100%
Antananarivo Madagascar
100%
Kuala Lumpur Malaisie
100%
Bamako Mali
100%
La Valette Malte
100%
Rabat Maroc
100%
Mexico Mexique
100%
Monaco Monaco
100%
Podgorica Montenegro
100%
Windhoek Namibie
100%
Managua Nicaragua
100%
Niamey Niger
100%
Abuja Nigeria
100%
Oslo Norvège
100%
Wellington Nouvelle-Zélande
100%
Asunción Paraguay
100%
Amsterdam Pays-Bas
100%
Varsovie Pologne
100%
Lisbonne Portugal
100%
Doha Qatar
100%
Bangui République centrafricaine
100%
Kinshasa République Démocratique du Congo
100%
Sainte Domingue République Dominicaine
100%
Brazzaville République du Congo
100%
Prague République Tchèque
100%
Bucarest Roumanie
100%
Londres Royaume-Uni
100%
Moscou Russia
100%
Kigali Rwanda
100%
Sao Tomé São Tomé-et-Principe
100%
Bratislava Slovaquie
100%
Stockholm Suède
100%
Berne Suisse
100%
Paramaribo Suriname
100%
Damas Syrie
100%
Taipei Taiwan
100%
Bangkok Thaïlande
100%
Achgabat Turkménistan
100%
Funafuti Tuvalu
100%
Kiev Ukraine
100%
Sanaa Yemen
100%
Beyrouth Liban
83%
Djibouti Djibouti
80%
Saint-Marin Saint-Marin
80%
Islamabad Pakistan
75%
Freetown Sierra Leone
75%
Bakou Azerbaïdjan
67%
Moroni Comores
67%
Yamoussoukro Côte d'Ivoire
67%
Suva Fidji
67%
Accra Ghana
67%
Conakry Guinée
67%
Skopje Macédoine du Nord
67%
Tachkent Ouzbékistan
67%
Victoria Seychelles
67%
Khartoum Soudan
67%
Dili Timor Oriental
67%
Tunis Tunisie
67%
Montevideo Uruguay
67%
Nassau Bahamas
50%
Belmopan Bélize
50%
Porto-Novo / Cotonou Bénin
50%
Thimphou Bhoutan
50%
Praia Cap-Vert
50%
Addis Abeba Ethiopie
50%
Majuro Îles Marshall
50%
Bichkek Kirghizistan
50%
Vaduz Liechtenstein
50%
Male Maldives
50%
Chişinău Moldavie
50%
Maputo Mozambique
50%
Muscat Oman
50%
Lima Pérou
50%
Ljubljana Slovénie
50%
Mogadiscio Somalie
50%
Lomé Togo
50%
Nukuʻalofa Tonga
50%
Lusaka Zambie
50%
Djouba Soudan du Sud
40%
Koweït Kuwait
33%
Monrovia Libéria
33%
Naypyidaw Myanmar
33%
Apia Samoa
33%
Saint John's Antigua et Barbuda
25%
Georgetown Guyana
25%
Kaboul Afghanistan
0%
Tirana Albanie
0%
Berlin Allemagne
0%
Bridgetown Barbade
0%
Gaborone Botswana
0%
Gitega Burundi
0%
Ottawa Canada
0%
Nicosie Chypre
0%
Cité du Vatican Cité du Vatican
0%
Bogota Colombie
0%
Seoul Corée du Sud
0%
San José Costa Rica
0%
Copenhague Danemark
0%
San Salvador El Salvador
0%
Asmara Erythrée
0%
Mbabane Eswatini
0%
Palikir États fédérés de Micronésie
0%
Banjul Gambie
0%
Saint-Georges Grenade
0%
Malabo Guinée Équatoriale
0%
Honiara Îles Salomon
0%
Bagdad Irak
0%
Tokyo Japon
0%
Amman Jordanie
0%
Tarawa Sud Kiribati
0%
Maseru Lesotho
0%
Luxembourg Luxembourg
0%
Lilongwe Malawi
0%
Nouakchott Mauritanie
0%
Port Louis Mauritius
0%
Oulan-Bator Mongolie
0%
Yaren Nauru
0%
Kathmandu Nepal
0%
Kampala Ouganda
0%
Ngerulmud Palaos
0%
Panama City Panama
0%
Port Moresby Papouasie-Nouvelle-Guinée
0%
Manille Philippines
0%
Basseterre Saint Christophe et Nieves
0%
Castries Sainte-Lucie
0%
Kingstown Saint-Vincent-et-les Grenadines
0%
Dakar Senegal
0%
Belgrade Serbie
0%
Singapour Singapour
0%
Sri Jayawardenapura Kotte Sri Lanka
0%
Douchanbé Tadjikistan
0%
Dodoma Tanzanie
0%
N'Djamena Tchad
0%
Port-d'Espagne Trinité-et-Tobago
0%
Ankara Turquie
0%
Port-Vila Vanuatu
0%
Caracas Venezuela
0%
Hanoï Vietnam
0%
Harare Zimbabwe
0%
Aucun quiz correspondant
Distribution des résultats
% des personnes avec chaque résultat
Percentile par nombre de réponses
Votre historique - résultats
Vous n’avez pas pris ce quiz depuis la dernière actualisation